Goleador de cada seleccion- Mundial 1978 - Estadísticas

Estadísticas generales
  • Esta prueba ha sido intentada 18 veces
  • La puntuación promedio es 8 de 29
Estadísticas de respuestas
Seleccion Jugador G % Correcto
Argentina Mario Kempes 6
89%
Francia Michel Platini 1
67%
Italia Paolo Rossi 3
67%
Peru Teofilo Cubillas 5
67%
Polonia Grzegorz Lato 2
56%
Francia Dominique Rocheteau 1
44%
España Jose Manuel Asensi 1
44%
Paises Bajos Rob Rensenbrink 5
44%
Francia Bernard Lacombe 1
33%
Brasil Dirceu 3
33%
Austria Hans Krankl 4
33%
Alemania Karl-Heinz Rummenigge 3
33%
Suecia Thomas Sjoberg 1
33%
Escocia Archie Gemmill 2
22%
Francia Christian Lopez 1
22%
Polonia Zbigniew Boniek 2
22%
Tunez Ali Kaabi 1
11%
Hungria Andras Toth 1
11%
Mexico Arturo Vazquez Ayala 1
11%
España Dani 1
11%
Iran Hassan Rowshan 1
11%
Hungria Karoly Csapo 1
11%
Tunez Mokhtar Dhouieb 1
11%
Tunez Nejib Ghommidh 1
11%
Hungria Sandor Zombori 1
11%
Mexico Victor Rangel 1
11%
Iran Iraj Danaeifard 1
0%
Francia Marc Berdoll 1
0%
Brasil Roberto Dinamite 3
0%
No se encontraron pruebas coincidentes
Distribución de puntuación
Porcentaje de gente con cada puntuación
Porcentaje por número respondido
Historial de tus puntuaciones
No has intentado esta prueba.